<?xml version="1.0" encoding="UTF-8"?>
<collection xmlns="http://www.loc.gov/MARC21/slim">
 <record>
  <leader>00684pamaa2200217   4500</leader>
  <controlfield tag="001">0000039948</controlfield>
  <controlfield tag="005">20130117090000.0</controlfield>
  <datafield tag="020" ind1="0" ind2="0">
   <subfield code="a">0273681184 (pbk) </subfield>
  </datafield>
  <datafield tag="082" ind1=" " ind2=" ">
   <subfield code="a">657.3 ROB</subfield>
  </datafield>
  <datafield tag="090" ind1="0" ind2="0">
   <subfield code="a">HF5686 </subfield>
   <subfield code="b">ROB 2005</subfield>
  </datafield>
  <datafield tag="100" ind1="1" ind2="0">
   <subfield code="a">Roberts </subfield>
  </datafield>
  <datafield tag="245" ind1="1" ind2="0">
   <subfield code="a">International financial reporting : </subfield>
   <subfield code="b">a comparative approach  </subfield>
   <subfield code="c">Clare Roberts, Pauline Weetman, Paul Gordon.</subfield>
  </datafield>
  <datafield tag="250" ind1="0" ind2="0">
   <subfield code="a">3rd ed.</subfield>
  </datafield>
  <datafield tag="260" ind1="0" ind2="0">
   <subfield code="a">London: </subfield>
   <subfield code="b">Macmillan Press, </subfield>
   <subfield code="c">2005.</subfield>
  </datafield>
  <datafield tag="300" ind1=" " ind2=" ">
   <subfield code="a">xxi, 708p.; </subfield>
   <subfield code="c">24cm.</subfield>
  </datafield>
  <datafield tag="501" ind1="0" ind2="0">
   <subfield code="a">BACUH</subfield>
  </datafield>
  <datafield tag="501" ind1="0" ind2="0">
   <subfield code="a">BFIUH</subfield>
  </datafield>
  <datafield tag="650" ind1="0" ind2="0">
   <subfield code="a">International business enterprises -- </subfield>
   <subfield code="x">Finance </subfield>
  </datafield>
  <datafield tag="650" ind1="0" ind2="0">
   <subfield code="a">Accounting -- </subfield>
   <subfield code="x">Standards -- </subfield>
   <subfield code="x">International cooperation </subfield>
  </datafield>
  <datafield tag="700" ind1="1" ind2="1">
   <subfield code="a">Weetman, </subfield>
   <subfield code="h">Pauline </subfield>
  </datafield>
  <datafield tag="700" ind1="1" ind2="1">
   <subfield code="a">Gordon, </subfield>
   <subfield code="h">Paul </subfield>
  </datafield>
 </record>
</collection>
